000 00592nam a2200193Ia 4500
008 151119s9999||||xx |||||||||||||| ||und||
082 _a238
082 _bGKKV31246
100 _a"दाभोलकर, नरेंद्र"
245 _aभ्रम आणि निरास
260 _a--
260 _b--
260 _c1985
600 _a"दाभोलकर, नरेंद्र"
630 _aभ्रम आणि निरास
700 _a"दाभोलकर, नरेंद्र"
730 _aभ्रम आणि निरास
942 _cBOOK
999 _c1083572
_d1083569